000 01084nam a2200289Ia 4500
003 OSt
005 20221005104502.0
006 a|||||r|||| 00| 0
007 ta
008 221004b |||||||| |||| 00| 0 san d
020 _a9788120821453 (pbk)
_c195
024 _a8985
037 _b327, 06/02/2014, Eastern Book Linkers
_cTextual
040 _aCRL
_cCRL
_bsan
041 _2san
_asan
082 _aO15,3D63,1, 152L4
100 _aदण्डी
245 0 _aदशकुमारचरितम्
246 _aDashakumāracharitam
260 _aदिल्ली
_bमोतीलाल बनारसीदास भारत
_c2010
300 _a298पृ0
_ccm.
490 _aथ्ल्न्च् क्ब्.1 ै।छ
650 _aसंस्कृत साहित्य
700 _a झा, विश्वनाथ, व्या.
_9157180
942 _hO15,3D63,1, 152L4
_cTEXL
_2cc
999 _c1012849
_d1012849